000 00660nam a2200205 a 4500
001 000019759
005 20200929170129.0
008 100705s1969 ck r 000 f spa d
040 _aDO-SdBNP
_bspa
_cBNPHU
082 _a843.8
_bV531d
100 1 _aVerne, Jules,
_qVerne, Julio,
_d1828-1905
_942216
245 1 0 _aDe la tierra a la luna :
_bviaje alrededor de la luna /
_cJulio Verne.
260 _aMedellĂ­n, Colombia :
_bBedout,
_c1969.
300 _a364 p. : ;
_c19 cm.
490 1 _aBolsilibros Bedout ;
_vvol.57
650 4 _aNovela francesa
_91075
650 4 _aLiteratura francesa
_91074
830 0 _aBolsilibros Bedout ;
_nvol.57
_942217
049 _aBNGR
999 _c19273
_d19273